Agenda estadística 2003 : Universidad Nacional Autónoma de México /

Compendio de estadísticas de la Universidad Nacional Autónoma de México (UNAM), referidas a los años 2002-2003 y organizadas en cinco secciones: personal académico; docencia; investigación; difusión cultural y apoyo a la actividad institucional. Inicia con las secciones Presencia UNAM y La UNAM en c...

Ausführliche Beschreibung

Gespeichert in:
Bibliographische Detailangaben
Körperschaft: UNAM. Dirección General de Planeación
Format: Buch
Sprache:Spanisch
Veröffentlicht: México : UNAM, Dirección General de Planeación, 2003, c2003
Schlagworte:
Tags: Tag hinzufügen
Keine Tags, Fügen Sie das erste Tag hinzu!

MARC

LEADER 00000nam^a2200000^a^4500
001 000159483
005 20250521000000.0
009 20260310100648.86
020 |a 970-32-1112-7 
037 |a Acervo ITESO - Biblioteca 
041 |a ESP 
082 |a 378. 72532  |b UNI UNAM-es 2003 
110 |a UNAM.  |b Dirección General de Planeación 
240 1 1 |a [Anuario estadístico de la UNAM] 
240 1 1 |a [Agenda estadística de la UNAM] 
245 1 0 |a Agenda estadística 2003 :  |b Universidad Nacional Autónoma de México /  |c UNAM. 
264 4 |a México :  |b UNAM, Dirección General de Planeación,  |c 2003, c2003 
300 |a 286 p. +  |e 1 tríptico 
336 |a texto  |b txt  |2 rdacontenido 
337 |a sin mediación  |b n  |2 rdamedio 
338 |a volumen  |b nc  |2 rdasoporte 
520 |a Compendio de estadísticas de la Universidad Nacional Autónoma de México (UNAM), referidas a los años 2002-2003 y organizadas en cinco secciones: personal académico; docencia; investigación; difusión cultural y apoyo a la actividad institucional. Inicia con las secciones Presencia UNAM y La UNAM en cifras y culmina con la sección Series, que ofrece un resumen estadístico de los últimos diez años sobre algunas de las variables más conocidas del quehacer de la máxima casa de estudios del país. 
649 |a XX 
650 |a UNAM -  |x Estadísticas 
650 |a UNAM -  |x Anuarios 
650 |a Académicos 
650 |a Personal Escolar 
650 |a Docencia 
650 |a Investigación 
650 |a Cultura -  |x Difusión 
650 |a Extensión Universitaria 
650 |a Universidades Públicas -  |z México (Ciudad) -  |x Estadísticas 
650 |a Universidades Públicas -  |z México -  |x Estadísticas 
650 |a Instituciones Educativas -  |z México (Ciudad) -  |x Estadísticas 
650 |a Instituciones Educativas -  |z México -  |x Estadísticas 
650 |a Educación Superior -  |z México (Ciudad) -  |x Estadísticas 
650 |a Educación Superior -  |z México -  |x Estadísticas 
650 |a Educación Pública -  |z México (Ciudad) -  |x Estadísticas 
650 |a Educación Pública -  |z México -  |x Estadísticas 
910 |a Fondo General 
920 |a Impresos - Libros 
930 |a Colección General 
905 |a 101 
901 |a 0500090933  |b IT1  |c ACC  |u 20250521 
902 |a https://opac.biblio.iteso.mx/vufind/Record/000159483